| 000 | 00556nam a2200193 a 4500 | ||
|---|---|---|---|
| 005 | 20220825160451.0 | ||
| 008 | 040422s2002 mx r 000 0 spa d | ||
| 020 | _a9681911296 | ||
| 035 | _aUPN01000133017 | ||
| 049 | _aCG | ||
| 050 | 4 |
_aPQ6666 E7.65 _bR3.4 |
|
| 100 | 1 |
_aPérez-Reverte, Arturo, _d1951- _928615 |
|
| 245 | 1 | 3 |
_aLa reina del sur / _cArturo Pérez Reverte. |
| 260 |
_aMéxico : _bAlfaguara, _c2002. |
||
| 300 | _a542 p. | ||
| 650 | 7 |
_aNovela española _ySiglo XXI _2 _912862 |
|
| 650 | 4 |
_aNARCOTRAFICANTES - _vNOVELA _93852 |
|
| 905 | _aLibro | ||
| 999 |
_c105170 _d105170 |
||